000 01204aam a2200265 4500
999 _c46239
_d46239
001 19882
003 CO-MdFUSB
005 20171109111620.0
008 170407t1961 e ||||| |||| 00| 0 eng d
040 _aCO-MdFUSB
_bspa
_cCO-MdFUSB
_dCO-MdFUSBC
_erda
041 _aeng
082 0 4 _aG 225.6 L34s
100 1 _aLillie, William
_eautor
245 0 0 _aStudies in New Testament ethics
_c/ William Lillie
264 4 _aEdinburgh, Scotland:
_bOliver and Boyd,
_c©1961
300 _a189 páginas
336 _2rdacontent
_atexto
_btxt
337 _2rdamedia
_asin mediación
_bn
338 _2rdacarrier
_avolumen
_bnc
500 _aIncluye índice (p. 183-189)
501 _aPasta dura
505 0 0 _aEl patrimonio del Antiguo Testamento - La ley natural y el Nuevo Testamento - El ejemplo de Cristo - La gracia y la bondad - Conciencia en el Nuevo Testamento - La bondad y el conocimiento - La actitud del Nuevo Testamento a: Derecho y justicia; el estado, la riqueza, el trabajo, el matrimonio y el divorcio, los niños - Escatología y ética en el Nuevo Testamento - La concepción cristiana de la abnegación - La concepción cristiana del amor
630 0 7 _aBiblia.
_pNuevo Testamento
942 _cBK